La nouvelle visibilité (notice n° 1669780)

détails MARC
000 -LEADER
fixed length control field 02109cam a2200169 4500500
005 - DATE AND TIME OF LATEST TRANSACTION
control field 20260222010948.0
041 ## - LANGUAGE CODE
Language code of text/sound track or separate title fre
042 ## - AUTHENTICATION CODE
Authentication code dc
100 10 - MAIN ENTRY--PERSONAL NAME
Personal name Thompson, John B.
Relator term author
245 00 - TITLE STATEMENT
Title La nouvelle visibilité
260 ## - PUBLICATION, DISTRIBUTION, ETC.
Date of publication, distribution, etc. 2005.<br/>
500 ## - GENERAL NOTE
General note 32
520 ## - SUMMARY, ETC.
Summary, etc. Une distinction doit être introduite entre une forme d’invisibilité sociale qui est invoquée métaphoriquement et une forme d’invisibilité effective qui est expérimentée par des acteurs sociaux. On peut comprendre que l’invisibilité soit vécue sur un mode négatif dès lors que l’on saisi le mode de constitution de la visibilité sociale qui se comprend ontogénétiquement dans les gestes expressifs dont les sujets sociaux sont les destinataires dès les premiers moments du processus de socialisation. C’est en s’éprouvant comme les destinataires de gestes expressifs que les sujets sociaux perçoivent qu’ils sont visibles pratiquement les uns pour les autres ; inversement, c’est l’absence de cette expressivité positive qui leur signifie leur invisibilité. On peut donc envisager la visibilité comme une forme première mais relativement neutralisée de reconnaissance sociale.
520 ## - SUMMARY, ETC.
Summary, etc. NEW VISIBILITY The development of modern communication media has been attended by the growth of mediated interaction which, compared to face-to-face interaction, is free of the constraints of co-presence. An interactional theory of communication furthers our understanding of the origins and importance of the “new visibility” accompanying this process. Because it profoundly changes the modalities of public appearance, “new visibility” impacts on the ways in which political power is used. Those who wield power rely on this visibility but also have to accept that it can turn against them at any stage. Public visibility has therefore become a stake in conflicts and a key component of social and political struggles.
786 0# - DATA SOURCE ENTRY
Note Réseaux | 129-130 | 1 | 2005-04-01 | p. 59-87 | 0751-7971
856 41 - ELECTRONIC LOCATION AND ACCESS
Uniform Resource Identifier <a href="https://shs.cairn.info/revue-reseaux1-2005-1-page-59?lang=fr&redirect-ssocas=7080">https://shs.cairn.info/revue-reseaux1-2005-1-page-59?lang=fr&redirect-ssocas=7080</a>

Pas d'exemplaire disponible.

PLUDOC

PLUDOC est la plateforme unique et centralisée de gestion des bibliothèques physiques et numériques de Guinée administré par le CEDUST. Elle est la plus grande base de données de ressources documentaires pour les Étudiants, Enseignants chercheurs et Chercheurs de Guinée.

Adresse

627 919 101/664 919 101

25 boulevard du commerce
Kaloum, Conakry, Guinée

Réseaux sociaux

Powered by Netsen Group @ 2025